000 00939nam a2200301 i 4500
003 EG-GICUC
005 20260423090909.0
008 260423s1890 ua abolfr|||| 001 0 eng d
040 _aEG-GiCUC
_beng
_cEG-GiCUC
_dEG-GiCUC
_erda
041 0 _aeng
082 0 4 _221
_a343.82
_bJA . P
092 0 4 _221
099 _aLaw1 10 343.82 Ja . P 1 ed -1890
100 1 _a James, William.
_eAuthor.
245 _aThe Principles Of Psychology /
_n Vol. Ii,
_c By William James.
264 _aLondon :
_bMacMillan And Co., LTD,
_c1890.
300 _a704 pages ;
_c24 cm
336 _2rda content
_atext
337 _2rda media
_aComputer
338 _2rda carrier
_aOnline Resource
504 _aComprend des références bibliographiques.
546 _aText in English
650 1 4 _aDroit pénal.
_2qrmak
651 1 _2qrmak
856 4 0 _uhttps://fll.law.cu.edu.eg/fulltext/bks/B10-10962.pdf
905 _a171
942 _2ddc
_cBK
_e21
_n0
999 _c72952
_d72952